000 00678nam a22002297a 4500
003 OSt
005 20250909144300.0
008 241213s2009 ag ||||| |||| 00| 0 spa d
020 _a9789505114627
040 _cbesoc
080 _082-32(82)
100 1 _aValentino, Esteban,
_d1956-
_eautor
245 1 0 _aTodos los soles mienten /
_cEsteban valentino ; ilustración de cubierta, Edgardo Carosia.
250 _a1a ed. 10 reimp.
260 _aBuen Aires :
_bAlfaguara,
_c2009.
300 _a120 p. ;
_c22 cm.
490 0 _aAlfaguara Juvenil
650 4 _aLiteratura argentina
_xNovela
_ySiglo XXI
655 4 _aNovela
700 0 _aED,
_d1971-
_eilustrador
942 _2udc
_cOG
_n0
999 _c410
_d410